| 000 | 01828cam a2200265 4500500 | ||
|---|---|---|---|
| 005 | 20251228051611.0 | ||
| 041 | _afre | ||
| 042 | _adc | ||
| 100 | 1 | 0 |
_aLotstra, Françoise _eauthor |
| 245 | 0 | 0 | _aL'inconscient, une polysémie revisitée par la neurobiologie |
| 260 | _c2007. | ||
| 500 | _a75 | ||
| 520 | _aRésuméDifférents états non conscients et plusieurs modèles biologiques de la conscience et de l’inconscient sont aujourd’hui décrits. La modélisation biologique des concepts freudiens ne se fait pas sans maladresse. Démontrer la psychanalyse à partir des neurosciences ou l’inverse parait peu réaliste. Par contre il y a lieu de favoriser la rencontre et l’échange, sources d’un éclairage instructif et de souligner une fois de plus les vertus d’un regard interdisciplinaire bien dirigé. | ||
| 520 | _aVarious non conscious states and several biological patterns of the conscious and the unconscious are nowadays described.Biological modelling of the Freud concepts is not carried out without some clumsiness.To demonstrate psychoanalysis from neurosciences or the opposite does not seem very realistic. On the other hand, one should favour junction and exchange, source of an instructive light, and underline once more the positive effects of an efficient interdisciplinarity. | ||
| 690 | _aétats non conscients | ||
| 690 | _ainconscients | ||
| 690 | _ainconscients biologiques | ||
| 690 | _amodèles neurobiologiques | ||
| 690 | _abiological unconscious | ||
| 690 | _aneurobiological patterns | ||
| 690 | _anon conscious states | ||
| 690 | _aunconscious | ||
| 786 | 0 | _nCahiers de psychologie clinique | 29 | 2 | 2007-09-27 | p. 11-27 | 1370-074X | |
| 856 | 4 | 1 | _uhttps://shs.cairn.info/revue-cahiers-de-psychologie-clinique-2007-2-page-11?lang=fr&redirect-ssocas=7080 |
| 999 |
_c1581878 _d1581878 |
||